在空白地图上画出四川所有县级行政区Counties in Sichuan with an empty map - Statistics

General Stats
  • This quiz has been taken 128 times
  • The average score is 111 of 183
Answers on the Map
Answers color-coded by a green-red scale on the quiz's map according to % correct below.
 
Answer Stats
地级 县级 % Correct
成都市 都江堰市
97%
成都市 青羊区
95%
成都市 武侯区
95%
成都市 简阳市
95%
成都市 成华区
92%
成都市 锦江区
89%
成都市 金牛区
89%
成都市 双流区
86%
成都市 龙泉驿区
84%
攀枝花市 西区
84%
甘孜藏族自治州 康定市
84%
成都市 青白江区
81%
成都市 新都区
81%
成都市 郫都区
81%
凉山彝族自治州 西昌市
81%
成都市 温江区
78%
成都市 崇州市
78%
攀枝花市 东区
78%
泸州市 泸县
78%
绵阳市 江油市
78%
广元市 剑阁县
78%
乐山市 峨眉山市
78%
阿坝藏族羌族自治州 马尔康市
78%
阿坝藏族羌族自治州 理县
78%
阿坝藏族羌族自治州 九寨沟县
78%
甘孜藏族自治州 理塘县
78%
成都市 彭州市
76%
成都市 邛崃市
76%
自贡市 自流井区
76%
德阳市 广汉市
76%
德阳市 绵竹市
76%
阿坝藏族羌族自治州 汶川县
76%
甘孜藏族自治州 甘孜县
76%
凉山彝族自治州 会理市
76%
成都市 新津区
73%
成都市 金堂县
73%
成都市 大邑县
73%
南充市 阆中市
73%
甘孜藏族自治州 巴塘县
73%
德阳市 什邡市
70%
眉山市 东坡区
70%
眉山市 仁寿县
70%
雅安市 雨城区
70%
阿坝藏族羌族自治州 阿坝县
70%
甘孜藏族自治州 泸定县
70%
甘孜藏族自治州 稻城县
70%
自贡市 贡井区
68%
德阳市 旌阳区
68%
广安市 广安区
68%
广安市 华蓥市
68%
巴中市 巴州区
68%
资阳市 安岳县
68%
阿坝藏族羌族自治州 松潘县
68%
阿坝藏族羌族自治州 若尔盖县
68%
成都市 蒲江县
65%
自贡市 荣县
65%
自贡市 富顺县
65%
攀枝花市 仁和区
65%
攀枝花市 米易县
65%
绵阳市 北川羌族自治县
65%
内江市 资中县
65%
阿坝藏族羌族自治州 茂县
65%
阿坝藏族羌族自治州 小金县
65%
自贡市 沿滩区
62%
攀枝花市 盐边县
62%
泸州市 龙马潭区
62%
德阳市 中江县
62%
乐山市 | 内江市 市中区
62%
乐山市 金口河区
62%
眉山市 青神县
62%
达州市 达川区
62%
达州市 万源市
62%
阿坝藏族羌族自治州 红原县
62%
自贡市 大安区
59%
绵阳市 涪城区
59%
广元市 利州区
59%
遂宁市 射洪市
59%
内江市 威远县
59%
内江市 隆昌市
59%
乐山市 犍为县
59%
南充市 西充县
59%
宜宾市 翠屏区
59%
宜宾市 叙州区
59%
宜宾市 高县
59%
广安市 前锋区
59%
广安市 邻水县
59%
达州市 宣汉县
59%
达州市 渠县
59%
雅安市 天全县
59%
资阳市 雁江区
59%
甘孜藏族自治州 石渠县
59%
凉山彝族自治州 美姑县
59%
泸州市 叙永县
57%
绵阳市 游仙区
57%
绵阳市 安州区
57%
绵阳市 平武县
57%
广元市 朝天区
57%
广元市 青川县
57%
遂宁市 船山区
57%
遂宁市 大英县
57%
南充市 南部县
57%
南充市 仪陇县
57%
眉山市 洪雅县
57%
宜宾市 珙县
57%
达州市 大竹县
57%
资阳市 乐至县
57%
阿坝藏族羌族自治州 金川县
57%
凉山彝族自治州 木里藏族自治县
57%
凉山彝族自治州 雷波县
57%
泸州市 江阳区
54%
泸州市 纳溪区
54%
泸州市 古蔺县
54%
德阳市 罗江区
54%
绵阳市 梓潼县
54%
遂宁市 安居区
54%
乐山市 沙湾区
54%
乐山市 马边彝族自治县
54%
南充市 高坪区
54%
宜宾市 南溪区
54%
雅安市 名山区
54%
雅安市 汉源县
54%
雅安市 石棉县
54%
雅安市 芦山县
54%
巴中市 恩阳区
54%
甘孜藏族自治州 炉霍县
54%
甘孜藏族自治州 德格县
54%
甘孜藏族自治州 乡城县
54%
凉山彝族自治州 金阳县
54%
泸州市 合江县
51%
广元市 旺苍县
51%
乐山市 五通桥区
51%
乐山市 夹江县
51%
眉山市 彭山区
51%
广安市 岳池县
51%
达州市 通川区
51%
雅安市 荥经县
51%
雅安市 宝兴县
51%
巴中市 南江县
51%
阿坝藏族羌族自治州 壤塘县
51%
甘孜藏族自治州 白玉县
51%
甘孜藏族自治州 得荣县
51%
凉山彝族自治州 会东县
51%
凉山彝族自治州 冕宁县
51%
绵阳市 三台县
49%
绵阳市 盐亭县
49%
广元市 苍溪县
49%
遂宁市 蓬溪县
49%
乐山市 峨边彝族自治县
49%
南充市 顺庆区
49%
南充市 嘉陵区
49%
眉山市 丹棱县
49%
广安市 武胜县
49%
阿坝藏族羌族自治州 黑水县
49%
甘孜藏族自治州 九龙县
49%
凉山彝族自治州 盐源县
49%
广元市 昭化区
46%
南充市 营山县
46%
宜宾市 筠连县
46%
宜宾市 兴文县
46%
巴中市 平昌县
46%
甘孜藏族自治州 丹巴县
46%
甘孜藏族自治州 色达县
46%
凉山彝族自治州 德昌县
46%
凉山彝族自治州 布拖县
46%
凉山彝族自治州 昭觉县
46%
内江市 东兴区
43%
南充市 蓬安县
43%
宜宾市 长宁县
43%
巴中市 通江县
43%
甘孜藏族自治州 雅江县
43%
凉山彝族自治州 普格县
43%
凉山彝族自治州 喜德县
43%
凉山彝族自治州 越西县
43%
乐山市 井研县
41%
乐山市 沐川县
41%
达州市 开江县
41%
甘孜藏族自治州 新龙县
41%
凉山彝族自治州 甘洛县
41%
宜宾市 屏山县
38%
甘孜藏族自治州 道孚县
38%
凉山彝族自治州 宁南县
38%
宜宾市 江安县
35%
No matching quizzes found
Score Distribution
Percent of People with Each Score
Percentile by Number Answered
Your Score History
You have not taken this quiz